Most Common Middle Names in the USA - Statistics

General Stats
  • This quiz has been taken 264 times
    252 since last reset
  • The average score is 9 of 20
Answer Stats
# of people Answer % Correct
612 Marie
87%
532 Ann
76%
23 John
75%
45 James
70%
397 Elizabeth
64%
30 William
55%
413 Lynn
54%
48 Michael
54%
251 Lee
53%
20 David
47%
20 Joseph
43%
26 Lee
41%
21 Robert
39%
113 Jean
35%
21 Andrew
32%
170 Louise
29%
211 Nicole
20%
50 Alan
13%
163 Michelle
11%
152 Renee
10%
No matching quizzes found
Score Distribution
Percent of People with Each Score
Percentile by Number Answered
Your Score History
You have not taken this quiz since the last reset